LEADER 04515nam 2200745 450 001 9910463685903321 005 20200520144314.0 010 $a0-520-95978-7 024 7 $a10.1525/9780520959781 035 $a(CKB)2670000000602042 035 $a(EBL)1789999 035 $a(SSID)ssj0001438407 035 $a(PQKBManifestationID)11810893 035 $a(PQKBTitleCode)TC0001438407 035 $a(PQKBWorkID)11377758 035 $a(PQKB)10345929 035 $a(StDuBDS)EDZ0001193113 035 $a(MiAaPQ)EBC1789999 035 $a(OCoLC)905221403 035 $a(MdBmJHUP)muse47171 035 $a(DE-B1597)520891 035 $a(DE-B1597)9780520959781 035 $a(PPN)189857897 035 $a(Au-PeEL)EBL1789999 035 $a(CaPaEBR)ebr11033070 035 $a(CaONFJC)MIL751726 035 $a(EXLCZ)992670000000602042 100 $a20150328h20152015 uy 0 101 0 $aeng 135 $aur||u---|u||u 181 $ctxt$2rdacontent 182 $cc$2rdamedia 183 $acr$2rdacarrier 200 10$aMusic in America's Cold War diplomacy /$fDanielle Fosler-Lussier 210 1$aOakland, California :$cUniversity of California Press,$d2015. 210 4$dİ2015 215 $a1 online resource 225 1 $aCalifornia Studies in 20th-Century Music 300 $aDescription based upon print version of record. 311 0 $a0-520-28413-5 311 0 $a1-336-20440-0 320 $aIncludes bibliographical references and index. 327 $tFront matter --$tContents --$tIllustrations --$tAcknowledgments --$tAbbreviations --$tIntroduction: Instruments of Diplomacy --$t1. Classical Music and the Mediation of Prestige --$t2. Classical Music as Development Aid --$t3. Jazz in the Cultural Presentations Program --$t4. African American Ambassadors Abroad and at Home --$t5. Presenting America's Religious Heritage Abroad --$t6. The Double-Edged Diplomacy of Popular Music --$t7. Music, Media, and Cultural Relations Between the United States and the Soviet Union --$tConclusion: Music, Mediated Diplomacy, and Globalization in the Cold War Era --$tNotes --$tSelected Bibliography --$tIndex 330 $aDuring the Cold War, thousands of musicians from the United States traveled the world, sponsored by the U.S. State Department's Cultural Presentations program. Performances of music in many styles-classical, rock 'n' roll, folk, blues, and jazz-competed with those by traveling Soviet and mainland Chinese artists, enhancing the prestige of American culture. These concerts offered audiences around the world evidence of America's improving race relations, excellent musicianship, and generosity toward other peoples. Through personal contacts and the media, musical diplomacy also created subtle musical, social, and political relationships on a global scale. Although born of state-sponsored tours often conceived as propaganda ventures, these relationships were in themselves great diplomatic achievements and constituted the essence of America's soft power. Using archival documents and newly collected oral histories, Danielle Fosler-Lussier shows that musical diplomacy had vastly different meanings for its various participants, including government officials, musicians, concert promoters, and audiences. Through the stories of musicians from Louis Armstrong and Marian Anderson to orchestras and college choirs, Fosler-Lussier deftly explores the value and consequences of "musical diplomacy." 410 0$aCalifornia studies in 20th-century music. 606 $aMusic in intercultural communication$zUnited States$xHistory$y20th century 606 $aArts and diplomacy$zUnited States$xHistory$y20th century 606 $aMusic and globalization$zUnited States$xHistory$y20th century 607 $aUnited States$xForeign relations$zCommunist countries$xHistory$y20th century 607 $aUnited States$xCultural policy$xHistory$y20th century 607 $aCommunist countries$xForeign relations$zUnited States$xHistory$y20th century 608 $aElectronic books. 615 0$aMusic in intercultural communication$xHistory 615 0$aArts and diplomacy$xHistory 615 0$aMusic and globalization$xHistory 676 $a780.78/73 686 $aLQ 89307$2rvk 700 $aFosler-Lussier$b Danielle$f1969-$01040315 801 0$bMiAaPQ 801 1$bMiAaPQ 801 2$bMiAaPQ 906 $aBOOK 912 $a9910463685903321 996 $aMusic in America's Cold War diplomacy$92463067 997 $aUNINA LEADER 01273nam a2200337 i 4500 001 991003549649707536 005 20021217152052.0 008 961025s1989 uk a b 001 0 eng d 020 $a0199630593 035 $ab1182914x-39ule_inst 035 $aLE00302872$9ExL 040 $aDip.to Biologia$beng 082 0 $a572.7$222 100 1 $aBeynon, Robert J.$0149755 245 10$aProteolytic enzymes :$ba practical approach /$cedited by R. J. Beynon, J.S. Bond 260 3 $aOxford :$bIRL Press,$c1989 300 $axviii, 259 p. :$bill. ;$c24 cm 440 4$aThe Practical approach series 500 $aIncludes bibliographical references and index 650 0$aCysteine protein 650 0$aPeptide Hydrolases 650 0$aProteinases 650 0$aProteolytic enzymes 700 1 $aBond, Judith S. 907 $a.b1182914x$b11-07-11$c18-12-02 912 $a991003549649707536 945 $aLE003 572.7 BEY01.01 C.1 (1989)$g1$i2003000008074$lle003$o-$pE0.00$q-$rl$s- $t0$u0$v0$w0$x0$y.i12079601$z18-12-02 945 $aLE003 572.7 BEY01.01 C.2 (1989)$g2$i2003000032161$lle003$o-$pE0.00$q-$rl$s- $t0$u0$v0$w0$x0$y.i12079613$z18-12-02 996 $aProteolytic enzymes$9898378 997 $aUNISALENTO 998 $ale003$b01-01-96$cm$da $e-$feng$guk $h0$i2 LEADER 04029nam 22006135 450 001 9910424624703321 005 20240912153010.0 010 $a9783110556452 010 $a3110556456 010 $a9783110557176 010 $a3110557177 024 7 $a10.1515/9783110557176 035 $a(CKB)4100000011494218 035 $a(DE-B1597)484760 035 $a(DE-B1597)9783110557176 035 $a(MiAaPQ)EBC6978387 035 $a(Perlego)2107372 035 $a(Au-PeEL)EBL6978387 035 $a(OCoLC)1198930429 035 $a(oapen)doab63627 035 $a(EXLCZ)994100000011494218 100 $a20200928h20202020 fg 101 0 $aeng 135 $aur||#|||||||| 181 $ctxt$2rdacontent 182 $cc$2rdamedia 183 $acr$2rdacarrier 200 00$aFraming Intellectual and Lived Spaces in Early South Asia $eSources and Boundaries /$fLucas den Boer, Elizabeth A. Cecil 205 $a1st ed. 210 $aBerlin/Boston$cDe Gruyter$d2020 210 1$aBerlin ;$aBoston :$cDe Gruyter,$d[2020] 210 4$dİ2020 215 $a1 online resource (VIII, 259 p.) 225 0 $aBeyond Boundaries ;$v2 311 08$a9783110553161 311 08$a3110553163 327 $tFrontmatter --$tPreface --$tContents --$tIntroduction --$t1. The Enigma of the Centauress and Her Lover: Investigating a Fifth-century Terracotta Panel from Ahichhatr? --$t2. Visual Story-Telling in Text and Image: The N?ga as Inhabitant of the Cosmic Ocean and the Netherworld --$t3. Vyoman: The Sky is the Limit. On the Bhavi?yapur??a's Reworking of the Li?godbhava Myth --$t4. Bronze Temple Bells from the Tibetan Imperial Period: Buddhist Material Culture in Context --$t5. Nonagonistic Discourse in the Early History of Indian Philosophical Debates: From Brahmodyas to the Mah?bh??ya --$t6. The Legitimation of an Authoritative Discourse in Jainism --$t7. Clay Pots, Golden Rings, and Clean Upper Garments: Causality in Jaina Philosophy --$t8. Charting the Geographies of 'Ju Mi pham rnam rgyal rgya mtsho's Perspectivist Approach to the Two Truths --$tList of Contributors --$tIndex 330 $aThe contributions to this book address a series of 'confrontations'-debates between intellectual communities, the interplay of texts and images, and the intersection of monumental architecture and physical terrain-and explore the ways in which the legacy of these encounters, and the human responses to them, conditioned cultural production in early South Asia (c. 4th-7th centuries CE). Rather than an agonistic term, the book uses 'confrontation' as a heuristic to examine historical moments within this pivotal period in which individuals and communities were confronted with new ideas and material expressions. The first half of the volume addresses the intersections of textual, material, and visual forms of cultural production by focusing on three primary modes of confrontation: the relation of inscribed texts to material media, the visual articulation of literary images and, finally, the literary interpretation and reception of built landscapes. The second part of the volume focuses on confrontations both within and between intellectual communities. The articles address the dynamics between peripheral and dominant movements in the history of Indian philosophy. 410 0$aBeyond Boundaries Series 606 $aRELIGION / Comparative Religion$2bisacsh 610 $aGupta period 610 $aIndian philosophy 610 $alived spaces 610 $amaterial culture 615 7$aRELIGION / Comparative Religion. 702 $aCecil$b Elizabeth A.$4edt$4http://id.loc.gov/vocabulary/relators/edt 702 $aBoer$b Lucas den$4edt$4http://id.loc.gov/vocabulary/relators/edt 712 02$aEuropean Research Council (ERC)$4fnd$4http://id.loc.gov/vocabulary/relators/fnd 801 0$bDE-B1597 801 1$bDE-B1597 906 $aBOOK 912 $a9910424624703321 996 $aFraming intellectual and lived spaces in Early South Asia$93901572 997 $aUNINA